000 00476nam a22001937a 4500
003 LK-CoMWRAF
005 20231230141406.0
008 231117b |||||||| |||| 00| 0 eng d
040 _aLK-CoMWRAF
_dLK-CoMWRAF
_eLK-CoMWRAF
041 _aeng
082 _a822.33
_bSHA
100 _aShakespeare, William
245 _aOthello
260 _bPenguin books,
_c1996
650 _aWilliam Shakespeare
650 _aEnglish Dramma
700 _aMuir, Kenneth
_eed.
942 _cBK
999 _c4102
_d4102